000 01403ngm a22003010a 4500
001 PT36196
003 AR-LpoUNG
005 20210202000503.0
007 vd cvaizq
008 191001s1999||||ag |||||||||||||||||spa d
037 _c$7.05
040 _aAR-LpoUNG
_bspa
_cAR-LpoUNG
_eaacr
041 _aspa
044 _aag
082 0 _a302.1 518set
100 1 _aBernard, Cristian
_edir.
245 1 0 _a76 89 03
260 _aSan Luis :
_bAVH,
_c1999.
300 _aDVD (80 min.) : son., byn
505 0 _aCréditos: Producción, Edi Flehner; producción ejecutiva, Orlando Rodríguez y Jonathan Perel; dirección de producción, Daniel García; jefe de producción, Juan De Francesco; asistente de dirección, Andrei Durán; fotografía, Daniel Sotelo; dirección de arte, Gisselle Peisojovich; vestuario:, Gisselle Peisojovich; montaje:, Eliane Katz; Música:, Sergio Figueroa; sonido:, Sergio Iglesias; asistente de producción:, Pablo Valerga.
520 _aTres amigos viven obsesionados con la vedette Wanda Manera, quien ha tenido su época de esplendor en los años de la dictadura del Proceso. La historia se inicia en 1976 y continúa en 1989 y en 2003, contando la historia de estos tres amigos y su cambiante relación con Wanda.
651 4 _aArgentina
653 _aCINE ARGENTINO
653 _aVIDEOS
700 1 _aNardini, Flavio
_edir.
905 _a36196
942 _cDVD
999 _c54949
_d54949